000 00701nam a22002417a 4500
003 UA-OsUOA
001 69749
007 ta
008 20100705b un ||||| |||| 00| 0 ukr d
090 _a340.11
_bП78
942 _cBK
040 _aUA-OsUOA
_brus
_cUA-OsUOA
_dUA-OsUOA
245 _aПроблемы законности
_cТаций В. Я., Панов Н. И.
300 _a148 с.
955 _a1
041 _arus
080 _a340.11
022 _a0201-7245
260 _aХарків
_c1995
250 _nВыпуск 29
650 7 _a340 Право в цілому. Пропедевтика. Методи та допоміжні правничі науки
_2UDC
999 _c355941
_d355941